Los árboles históricos y tradicionales de Canarias / (Record no. 131382)

MARC details
000 -LEADER
campo de control de longitud fija 00630nam a2200181 4500
001 - NÚMERO DE CONTROL
campo de control 131382
003 - IDENTIFICADOR DE NÚMERO DE CONTROL
campo de control ES-MaACL
005 - FECHA Y HORA DE LA ÚLTIMA TRANSACCIÓN
campo de control 20250626063156.0
007 - CAMPO FIJO DE DESCRIPCIÓN FÍSICA--INFORMACIÓN GENERAL
campo de control de longitud fija t|
008 - DATOS DE LONGITUD FIJA--INFORMACIÓN GENERAL
campo de control de longitud fija 070214s1982 sp r ||||1| spa d
100 0# - ENTRADA PRINCIPAL--NOMBRE DE PERSONA
Nombre de persona Rodríguez, Leoncio,
Títulos y otros términos asociados al nombre 1850-1926
9 (RLIN) 98273
245 14 - MENCIÓN DEL TÍTULO
Título Los árboles históricos y tradicionales de Canarias /
Mención de responsabilidad, etc. Leoncio Rodríguez.
260 ## - PUBLICACIÓN, DISTRIBUCIÓN, ETC.
Lugar de publicación, distribución, etc. Santa Cruz de Tenerife :
Nombre del editor, distribuidor, etc. Instituto de Bachillerato `Viera y Clavijo`,
Fecha de publicación, distribución, etc. 1982.
300 ## - DESCRIPCIÓN FÍSICA
Extensión 77 p., 4 lám. ;
Dimensiones 22 cm.
710 2# - ENTRADA AGREGADA--NOMBRE DE ENTIDAD CORPORATIVA
Nombre de entidad corporativa o nombre de jurisdicción como elemento de entrada Instituto de Bachillerato `Viera y Clavijo`.
9 (RLIN) 4828
852 ## - LOCALIZACIÓN
Ubicación ES-MaACL
Número de control de estantería L-2822
Sublocalización o colección R.103367
Holdings
Estatus retirado Estado de pérdida Estado de daño No para préstamo Biblioteca de origen Biblioteca actual Ubicación en estantería Fecha de adquisición Fuente de adquisición Total de préstamos Signatura topográfica completa Código de barras Visto por última vez Precio de reemplazo Tipo de ítem Koha
        Biblioteca del Ateneo de Madrid Biblioteca del Ateneo de Madrid Depósito 2 17/01/2008     L-2822 1136778 23/02/2023 23/02/2023 Libro impreso